Rural elementary education among Negroes under Jeanes supervising teachers / (Record no. 21334)
[ view plain ]
| 000 -LEADER | |
|---|---|
| fixed length control field | 00761cam a22002171a 4500 |
| 001 - CONTROL NUMBER | |
| control field | e 33001198 |
| 003 - CONTROL NUMBER IDENTIFIER | |
| control field | DLC |
| 005 - DATE AND TIME OF LATEST TRANSACTION | |
| control field | 20260227111224.0 |
| 008 - FIXED-LENGTH DATA ELEMENTS--GENERAL INFORMATION | |
| fixed length control field | 830622s1933 dcua f000 0 eng c |
| 010 ## - LIBRARY OF CONGRESS CONTROL NUMBER | |
| LC control number | e 33001198 |
| 035 ## - SYSTEM CONTROL NUMBER | |
| System control number | (OCoLC)9632181 |
| 040 ## - CATALOGING SOURCE | |
| Original cataloging agency | U.S. Off. of Educ. Library |
| Transcribing agency | ABAU |
| Modifying agency | ABAU |
| -- | DLC |
| 050 00 - LIBRARY OF CONGRESS CALL NUMBER | |
| Classification number | L111 |
| Item number | .A6 1933, no. 5 |
| 082 ## - DEWEY DECIMAL CLASSIFICATION NUMBER | |
| Classification number | 371.9740975 |
| -- | 370.61 |
| 100 1# - MAIN ENTRY--PERSONAL NAME | |
| Personal name | Caliver, Ambrose, |
| Dates associated with a name | 1894-1962. |
| 245 10 - TITLE STATEMENT | |
| Title | Rural elementary education among Negroes under Jeanes supervising teachers / |
| Statement of responsibility, etc. | by Ambrose Caliver. |
| 260 ## - PUBLICATION, DISTRIBUTION, ETC. | |
| Place of publication, distribution, etc. | Washington : |
| Name of publisher, distributor, etc. | U.S. G.P.O., |
| Date of publication, distribution, etc. | 1933. |
| 300 ## - PHYSICAL DESCRIPTION | |
| Extent | v, 57 p. : |
| Other physical details | ill. ; |
| Dimensions | 23 cm. |
| 490 0# - SERIES STATEMENT | |
| Series statement | Bulletin / U.S. Dept. of the Interior, Office of Education ; |
| Volume/sequential designation | 1933, no. 5 |
| 650 #0 - SUBJECT ADDED ENTRY--TOPICAL TERM | |
| Topical term or geographic name entry element | African Americans |
| General subdivision | Education. |
No items available.